Business meetings that make business

Guardat en:
Dades bibliogràfiques
Autor principal: Lobingier, John L.
Format: Llibre
Idioma:Undetermined
Publicat: London Collier 1969
Matèries:
Etiquetes: Afegir etiqueta
Sense etiquetes, Sigues el primer a etiquetar aquest registre!
Thư viện lưu trữ: Trung tâm Học liệu Trường Đại học Cần Thơ
LEADER 00444nam a2200169Ia 4500
001 CTU_79140
008 210402s9999 xx 000 0 und d
082 |a 060 
082 |b L797 
100 |a Lobingier, John L. 
245 0 |a Business meetings that make business 
245 0 |c John L. Lobingier, Jr 
260 |a London 
260 |b Collier 
260 |c 1969 
650 |a Meetings 
980 |a Trung tâm Học liệu Trường Đại học Cần Thơ